LEADER 01266nam a2200265 i 4500 001 000000009958 003 CaOOAMICUS 005 20220805111119.0 008 180830s19992001it u000 u ita u 040 $aSeMil$bita 100 1 $aDe Luca, Giuseppe,$c.$0(OLS)http://semarc/name/242 245 10$aCarteggio /$cGiuseppe De Luca, Fausto Minelli ; a cura di Marco Roncalli. 264 1$aRoma :$bEdizioni di Storia e Letteratura,$c1999-2001. 300 $a3 v. ;$c26 cm. 541 0 $aFondo card. C.M. Martini. 650 4$aDe Luca, Giuseppe - Lettere e carteggi.$0(OLS)http://semarc/subject/15769 700 1 $aRoncalli, Marco,$d<1959- >.$0(OLS)http://semarc/name/4890 700 1 $aMinelli, Fausto,$d<1891-1974>.$0(OLS)http://semarc/name/4889 774 0 $aDe Luca, Giuseppe $t1930-1934.$z88-87114-40-4$g1$w()118109 774 0 $aDe Luca, Giuseppe $t1935-1939.$z88-87114-58-7$g2$w()118114 774 0 $aDe Luca, Giuseppe $t1940-1946.$z88-8498-015-1$g3$w()120565 941 1 $a4 996 $6245$aCarteggio$9(OLS)http://semarc/title/790 996 $6264$aRoma :$bEdizioni di Storia e Letteratura$9(OLS)http://semarc/publisher/29779 LEADER 01402nam a2200289 i 4500 001 000000128088 003 CaOOAMICUS 005 20070605000000.0 008 070605s2000 it u000 u ita u 013 $a100806 020 $a88-343-0638-4 040 $aSeMil$bita 245 10$aLeopardi oggi :$bincontri per il bicentenario della nascita del poeta : Brescia, Salò, Orzinuovi 21 aprile - 23 maggio 1998 /$cA cura di Bortolo Martinelli. 260 $aMilano :$bVita e Pensiero,$c2000. 300 $aX, 189 p. ;$c22 cm. 490 0 $aScienze filologiche e storia. Brescia. Nuova serie ;$v12 500 $aContiene : Indice dei nomi. - Fondo card. C.M. Martini. 600 14$aLeopardi, Giacomo <1798-1837>.$0(OLS)http://semarc/subject/2752 700 1 $aMartinelli, Bortolo.$0(OLS)http://semarc/name/46071 830 0$aScienze filologiche e storia. Nuova serie ;$v12.$0(OLS)http://semarc/title/10475 850 $aSeMil 852 $aSeMil$W1$xVenegono$y1$m1E IV 2$j82320$B82320$CSeMilBibl$Z2$F124444 $81 941 1 $a4 961 $aOmaggio: Martini Card. Carlo Maria 996 $6020$a88-343-0638-4$9(OLS)http://semarc/number/114628 996 $6245$aLeopardi oggi :$bincontri per il bicentenario della nascita del poeta : Brescia, Salò, Orzinuovi 21 aprile - 23 maggio 1998$9(OLS)http://semarc/title/189230 996 $6260$aMilano :$bVita e Pensiero$9(OLS)http://semarc/publisher/29642